000 00243nam a22001097a 4500
041 _aENG
245 _aBhumigat Jalvikas Vyavashtank Sthapan Tatha Rakh Rakhaw
260 _aDelhi
_bICER
_c1995
300 _a28
650 _aGAE
856 _uGAE
999 _c2624
_d2624